Letters at a glance / (Record no. 38251)

MARC details
000 -LEADER
fixed length control field 00684nam a22001937a 4500
005 - DATE AND TIME OF LATEST TRANSACTION
control field 20100730135739.0
010 ## - LCCN (DPL NO)
LC control number ENG-97425
020 ## - INTERNATIONAL STANDARD BOOK NUMBER
International Standard Book Number 9788190556941
Terms of availability 295.00
035 ## - SYSTEM CONTROL NUMBER
System control number EN-80958
037 ## - SOURCE OF ACQUISITION
Source of stock number/acquisition DBAD/PUB
082 ## - DEWEY DECIMAL CLASSIFICATION NUMBER
Classification number 808.6
100 ## - MAIN ENTRY--PERSONAL NAME
Personal name Srivastava, Chander Mohan
245 ## - TITLE STATEMENT
Title Letters at a glance /
Statement of responsibility, etc by Chander Mohan Srivastava
260 ## - PUBLICATION, DISTRIBUTION, ETC. (IMPRINT)
Place of publication, distribution, etc New Delhi
Name of publisher, distributor, etc Kanchan Publishing House
Date of publication, distribution, etc 2010
270 ## - ADDRESS
Address WZ-25/45, Ravi Nagar,
City New Delhi
Postal code 110018
300 ## - PHYSICAL DESCRIPTION
Extent 176p.
Dimensions 25cm (Hb)
942 ## - ADDED ENTRY ELEMENTS (KOHA)
Source of classification or shelving scheme Dewey Decimal Classification
Item type English Books
Classification part 808.6
Call number suffix SRI
Holdings
Withdrawn status Lost status Not for loan Collection code Home library Current library Date acquired Source of acquisition Cost, normal purchase price Full call number Barcode Copy number Cost, replacement price Koha item type
    Not For Loan Non-fiction D.B.Act.Division D.B.Act.Division 30/07/2010 DBAD/PUB 295.00 808.6 SRI EN-80958 1 295.00 English Books

© Delhi Public Library
Hit Counter
free hit counter